[Event "Treppenturnier 2023"]
[Site "Turnierstufe"]
[Date "2024.01.27"]
[Round "17-1"]
[White "Advanced Travel Chess"]
[Black "Emerald"]
[Result "1/2-1/2"]
[WhiteElo "1950"]
[BlackElo "1946"]
[PlyCount "125"]

1.c4 c5 2.Nc3 Nc6 3.Nf3 Nf6 4.d4 cxd4 5.Nxd4 e6 6.Ndb5 {Buchende.} 6...d5 7.Bf4 
e5 8.cxd5 exf4 9.dxc6 bxc6 10.Qxd8+ Kxd8 {Buchende.} 11.O-O-O+ Bd7 12.Nd6 Bxd6 
13.Rxd6 c5 $6 ( {Theorie ist} 13...Ng4 {.} ) 14.Rd3 Kc7 15.Nd5+ Nxd5 16.Rxd5 
$10 Kc6 17.Rd2 Be6 18.g3 Rad8 19.Bg2+ Kb6 20.b3 c4 21.bxc4 Rxd2 22.Kxd2 fxg3 
23.Rb1+ Kc5 24.hxg3 Bxc4 25.Rb7 Bxa2 26.Rxa7 Rd8+ 27.Kc3 Be6 28.Rc7+ $10 Kd6 
29.Rc6+ Ke7 30.Ra6 h6 31.Ra7+ Kf6 32.Rb7 Rd6 33.Ra7 {Was soll noch passieren?
Abwarten, man weiß nie ...} 33...Bg4 34.e4 Rd7 35.Rxd7 Bxd7 36.Kd4 Be6 37.f4 g6 
38.Kc5 Bg4 39.Kd6 g5 40.fxg5+ hxg5 41.Bh1 Kg6 42.Ke5 Be2 43.Kd4 Bg4 44.Kd5 Be2 
{Emerald will nicht mehr, AdTrCh wohl doch noch ...} 45.Ke5 f6+ 46.Ke6 Ba6 
47.e5 Bc4+ 48.Kd6 fxe5 49.Kxe5 Kh5 50.Bf3+ g4 51.Bd5 Bxd5 52.Kxd5 Kg5 53.Ke5 
Kg6 {Ob Emerald bereits beim Läufertausch wusste, dass er trotz des folgenden
Bauernverlustes remis halten kann? Der Saitek weiß es nicht.} 54.Kf4 Kf6 
55.Kxg4 Kg6 56.Kf4 Kf6 57.g4 Kg6 58.g5 Kg7 59.Kf5 Kf7 60.g6+ Kg7 61.Kg5 Kg8 
62.Kf6 Kf8 63.Ke5 {Endgültig Remis.} 1/2-1/2

[Event "Treppenturnier 2023"]
[Site "Turnierstufe"]
[Date "2024.01.29"]
[Round "17-2"]
[White "Emerald"]
[Black "Advanced Travel Chess"]
[Result "0-1"]
[WhiteElo "1946"]
[BlackElo "1950"]
[PlyCount "99"]

1.f4 d5 {Buchende.} 2.Nf3 {Buchende.} 2...e6 3.e3 Bd6 4.d3 Nd7 5.Nc3 Bb4 6.Bd2 
Ngf6 7.a3 Be7 8.Be2 O-O 9.O-O a6 10.Be1 b6 11.e4 c5 12.f5 $6 d4 13.fxe6 fxe6 
14.Nb1 Ng4 15.Qc1 Ne3 {Au weia. Es wird ungemütlich für Weiß.} 16.Rf2 Bb7 
17.Bd2 Bg5 $6 ( {Stärker ist:} 17...Bd6 18.Bxe3 dxe3 19.Rf1 Ne5 20.Qxe3 Ng4 
21.Qg5 Qxg5 22.Nxg5 Bxh2+ {...} ) 18.c3 e5 19.cxd4 exd4 {Beide blicken nicht
recht durch die taktischen Möglichkeiten.} 20.Bd1 Bf4 ( 20...Qf6 $1 ) 21.Bb3+ 
Kh8 22.Be6 {Hilflosigkeit. Es gibt keine wirklich guten Züge mehr.} 22...Qe7 ( 
22...Ne5 $1 23.Nxe5 Bxe5 24.Rxf8+ Qxf8 {und die Drohungen sind nur durch
Materialverlust zu parieren} ) 23.Bh3 Rae8 ( {Erneut} 23...Ne5 ) 24.Kh1 Bh6 
25.Qg1 {(-0.41)} 25...Qf7 {(-0.4) Beide halten die weiße Stellung für durchaus
noch spielbar. Hiarcs 15.2 zeigt teilweise Bewertungen von mehr als 7
Bauerneinheiten für Schwarz an.} 26.Be1 Nd1 27.Rc2 Qb3 {(-1.3)} 28.Rd2 
{(-2.95)} 28...Ne5 $1 {Endlich. Weiß könnte aufgeben.} 29.Nxe5 Be3 30.Rxd1 Qxd1 
31.Bf2 Qxg1+ 32.Bxg1 Rxe5 33.Bxe3 dxe3 34.Nc3 Rd8 35.Rf1 {(-2.87)} 35...Kg8 
{(-2.6)} 36.Bg4 Rxd3 37.Be2 Rd4 38.Kg1 Bxe4 39.Bxa6 Bf5 40.Be2 Rd2 41.b4 Bd3 
42.Re1 Bxe2 43.Nxe2 Ra2 44.bxc5 bxc5 45.a4 Rxa4 46.Rf1 c4 47.Nd4 c3 48.Ne2 c2 
49.g3 Rd5 50.Rc1 {(rESn) Emerald gibt auf.} 0-1

[Event "Treppenturnier 2023"]
[Site "Turnierstufe"]
[Date "2024.01.31"]
[Round "17-3"]
[White "Advanced Travel Chess"]
[Black "Emerald"]
[Result "1-0"]
[WhiteElo "1960"]
[BlackElo "1937"]
[PlyCount "98"]

1.Nf3 Nf6 2.c4 c5 3.g3 {Buchende.} 3...b6 4.Bg2 Bb7 5.O-O g6 {Buchende.} 6.b4 
cxb4 7.a3 {Erstaunlich, was der Morschi so errechnet und für gut befindet. Er
bietet einen Bauern für die Entwicklung.} 7...bxa3 {Emerald nimmt's an.} 8.Bxa3 
Bg7 9.Qa4 Bc6 10.Qb3 a6 11.d4 Ne4 12.Nc3 Nxc3 13.Qxc3 O-O 14.Qe3 d6 15.Rfc1 h6 
16.Rab1 Nd7 17.d5 Ba4 18.Nd4 Rc8 $6 19.Nc6 Bxc6 20.dxc6 Nc5 21.Bxc5 bxc5 22.Rb7 
Rc7 23.Rcb1 Rxb7 24.cxb7 {Weiß spielt bisher schön und geradlinig. Hiarcs 15.2
bewertet die Stellung mit +4 Bauerneinheiten.} 24...Qc7 25.Qa3 ( {Noch genauer:} 
25.Qb3 Rb8 26.Qb6 Qxb6 27.Rxb6 Kh7 28.Rxa6 {...} ) 25...Rb8 26.Qxa6 Bd4 27.Rb5 
Be5 28.Qb6 Qxb6 29.Rxb6 Kg7 30.Kf1 e6 31.f4 Bd4 32.Rxd6 e5 33.e3 Bxe3 34.Ra6 
exf4 {(-3.33)} 35.Ra8 {(+2.7)} 35...Rxb7 36.Bxb7 Bc1 37.Bg2 Kf6 38.Bd5 fxg3 
39.hxg3 Kf5 40.Bxf7 Bb2 41.Ra6 g5 42.Rxh6 Bg7 43.Rh7 Be5 44.Kf2 Bd4+ 45.Kg2 Bf6 
46.Bd5 g4 47.Rh1 Bd4 48.Rf1+ Kg5 49.Be6 Kh5 {(rESn) Emerald gibt auf.} 1-0

[Event "Treppenturnier 2023"]
[Site "Turnierstufe"]
[Date "2024.02.02"]
[Round "17-4"]
[White "Emerald"]
[Black "Advanced Travel Chess"]
[Result "1/2-1/2"]
[WhiteElo "1928"]
[BlackElo "1969"]
[PlyCount "112"]

1.e4 e6 2.d4 d5 3.Nd2 c5 4.exd5 exd5 5.Ngf3 Nc6 {Buchende.} 6.Bb5 Qe7+ 7.Be2 
{Buchende.} 7...Nxd4 $6 ( {Doch besser} 7...cxd4 ) 8.Nxd4 cxd4 9.O-O Qc7 10.Nf3 
Bd7 11.Nxd4 Bd6 12.h3 O-O-O 13.Nb5 Bxb5 14.Bxb5 Nf6 15.Re1 Bh2+ 16.Kh1 Be5 
17.c3 a6 18.Bd3 Rhe8 19.Be3 h6 20.Qb3 Qd7 21.Bb6 Bc7 22.Bxc7 Qxc7 23.Qb4 g6 
24.Rab1 Nd7 25.Rbd1 Ne5 26.Be2 f5 27.Qf4 Qb6 $2 {Jetzt geht:} 28.Bxa6 {(+1.37)} 
28...bxa6 29.Rxe5 Rxe5 30.Qxe5 Qxf2 31.Qe6+ Kc7 32.Qf7+ Rd7 33.Qxg6 Rd6 34.Qg7+ 
Kc6 35.Qf8 Qe2 36.Qc8+ Kb6 37.b4 $2 {Verspielt den Sieg.} ( {Richtig ist z.B.} 
37.Rg1 {oder} ) ( 37.Qb8+ ) 37...Qxd1+ {Jetzt sieht's remislich aus.} 38.Kh2 d4 
39.Qc5+ Kb7 40.Qxd6 d3 41.Qxh6 Qe1 42.Qg7+ Kc6 43.Qf6+ Kc7 44.Qf7+ Kb6 45.Qf6+ 
Kc7 46.a4 d2 47.Qg7+ Kd6 48.Qf8+ $4 {(+3.20) Sieht das Remis nicht - kein
Vorwurf.} ( 48.Qd4+ $1 Kc6 ( 48...Ke6 49.Qb6+ Ke5 50.Qd4+ Ke6 {...} ) ( 
48...Ke7 49.Qc5+ Ke6 50.Qc8+ Ke5 51.Qh8+ Kd5 52.Qd4+ Kc6 53.Qf6+ Kd5 54.Qd4+ 
{...} ) 49.Qc5+ Kb7 50.Qd5+ Kc7 51.Qc5+ Kb7 {...} ) 48...Ke6 $4 {Sieht den Sieg
nicht. Kein Vorwurf, die Konseqenzen können beide nicht errechnen.} ( 48...Kd7 
$1 49.Qg7+ Qe7 50.Qxe7+ ( 50.Qd4+ Qd6+ {... und Weiß muss schlagen.} ) 
50...Kxe7 51.h4 d1=Q {...} ) 49.Qe8+ $4 {Verlustzug.} ( 49.Qc8+ Ke5 50.Qc5+ Kf6 
51.Qf8+ Ke5 52.Qc5+ {...} ) 49...Kf6 {Remiszug.} 50.Qd8+ Kg6 51.Qg8+ Kf6 
52.Qf8+ Ke6 53.Qc8+ Kf6 54.Qh8+ Kg6 55.Qg8+ Kf6 56.Qf8+ Ke6 {Beide reklamieren
Remis 3x.} 1/2-1/2

[Event "Treppenturnier 2023"]
[Site "Turnierstufe"]
[Date "2024.02.03"]
[Round "18-1"]
[White "Advanced Travel Chess"]
[Black "Modena"]
[Result "1/2-1/2"]
[WhiteElo "1968"]
[BlackElo "1951"]
[PlyCount "156"]

1.d4 Nf6 2.c4 g6 3.Nf3 d6 {Buchende.} 4.g3 Bg7 5.Bg2 O-O 6.O-O {Wieder aus dem
Buch:} 6...Nbd7 7.Nc3 {Buchende.} 7...e5 {Buchende.} 8.b3 exd4 9.Nxd4 Re8 
10.Bb2 c6 11.Qd2 Ne5 $6 {Sieht gut aus, ist es aber nicht.} ( {Besser z.B.} 
11...Nc5 ) 12.Rad1 Bg4 13.Nc2 Re6 $6 {Die nächste Ungenauigkeit.} 14.h3 Bh5 
15.g4 Nexg4 16.hxg4 Bxg4 17.f3 Bh5 18.Bh3 Re8 19.Qxd6 {Weiß hat für einen Bauern
den schwarzen Springer und steht viel besser.} 19...Qa5 20.e3 Ne4 $6 21.Nxe4 
Bxb2 22.Nf6+ Bxf6 23.Qxf6 Rad8 24.a3 h6 25.Rfe1 Qc7 26.Bg2 a6 27.Qc3 Kh7 28.Nd4 
Rd7 29.Ne2 Rxd1 30.Rxd1 Qe7 31.e4 Qc5+ 32.Kf1 Qe7 33.Nf4 b6 34.Nxh5 gxh5 35.Bh3 
Kg8 36.Qe3 Rd8 37.Rxd8+ Qxd8 38.Ke2 Kg7 39.f4 c5 40.Qc3+ Kh7 {Bis zur
Zeitkontrolle ist Weiß nicht sonderlich vorangekommen, eine richtige Idee (Dame
tauschen, Endspiel gewinnen) hat AdTrCh nicht.} 41.Qd3 Qh4 42.Qf3 Kg7 43.Bc8 
Qh2+ 44.Kf1 a5 45.Bh3 $6 ( {Wie gewinne ich ein gewonnenes Spiel? Warum nicht
einfach} 45.Qg2+ {?} ) 45...Kf8 46.Bg2 {(+2.5)} 46...Ke7 {(-1.78)} 47.Ke2 h4 
48.Kf2 h3 49.Qxh3 Qxf4+ 50.Ke2 Qc1 51.a4 Qc2+ 52.Ke1 h5 53.Kf1 Qb2 54.Qxh5 Qxb3 
55.Qe5+ Kf8 56.Qd6+ Kg7 57.Kf2 {Kaum zu fassen, was AdTrCh hier abliefert.} 
57...Qxa4 58.Qxb6 Qxc4 59.Qxa5 Qd4+ 60.Kf3 c4 {Rest der Partie in je 1 Stunde.} 
61.Qg5+ Kf8 62.Qd5 Qc3+ 63.Kf4 Qf6+ 64.Ke3 Qc3+ 65.Ke2 Qb2+ 66.Kf1 c3 67.Qd8+ 
Kg7 68.Qg5+ Kf8 69.Qc5+ Kg8 70.Qe5 Qc1+ 71.Ke2 Qd2+ 72.Kf3 c2 73.Qg3+ Kh7 
74.Qh3+ Kg7 75.Qg4+ Kh6 76.Qh3+ Kg7 77.Qg4+ Kh6 78.Qh3+ Kg7 {Beide reklamieren
Remis 3x.} 1/2-1/2

[Event "Treppenturnier 2023"]
[Site "Turnierstufe"]
[Date "2024.02.05"]
[Round "18-2"]
[White "Modena"]
[Black "Advanced Travel Chess"]
[Result "1-0"]
[WhiteElo "1951"]
[BlackElo "1968"]
[PlyCount "113"]

1.e4 d5 2.exd5 Nf6 3.d4 Nxd5 4.c4 Nf6 {Buchende.} 5.Nf3 {Buchende.} 5...g6 
6.Bd3 Bg7 7.Nc3 Bg4 8.h3 Bxf3 9.Qxf3 Nc6 10.Be3 Rb8 11.d5 Ne5 12.Qe2 Nxd3+ 
13.Qxd3 Ra8 14.Rd1 O-O 15.Bd4 Re8 16.O-O a6 17.Rfe1 Qd7 18.Be5 Rad8 19.Qd4 Qf5 
20.Bxc7 Nxd5 21.Be5 Nb4 $6 22.Qxd8 Rxd8 23.Rxd8+ {(+1.51)} 23...Bf8 {(+1.0)} 
24.Nd5 $16 {Weiß hat eindeutigen Vorteil.} 24...Nxd5 $2 {Schwarz greift
daneben.} ( 24...Nc6 {hätte den Laden noch zusammen gehalten.} ) 25.cxd5 Qg5 
26.Re3 {ist in Ordnung.} ( {Der unmittelbare Gewinnzug ist unscheinbar, und für
Modena zu tief versteckt:} 26.g3 $1 {und z.B.} 26...e6 27.Rc8 Qd2 28.Rec1 h5 
29.d6 f6 30.Bf4 Qd3 31.Bh6 Qxd6 32.Bxf8 Qxf8 33.Rxf8+ Kxf8 {...} ) 26...h6 
27.Rb8 $18 {Die Partie ist schon vorbei.} 27...Qf5 28.d6 exd6 {(+2.6)} 29.Bxd6 
{(+4.88) Diese Bewertung trifft wohl eher zu.} 29...Qb1+ 30.Kh2 Qxa2 31.Bxf8 
Qd5 32.Bxh6+ ( 32.Bb4+ $3 Kh7 33.Bc3 $1 Qd6+ ( 33...g5 {Matt in 7} 34.Rh8+ Kg6 
35.Rg8+ Kf5 36.g4+ Kf4 37.Rf8 f5 38.Bb4 h5 39.Bd6+ Qxd6 40.Rxf5# ) 34.Be5 Qxb8 
35.Bxb8 {... und Ende Gelände.} ) 32...Kh7 33.Bf4 b5 34.Ree8 Qc5 35.Kg3 Qd4 
36.Be5 {Was sonst. Das Matt setzen sei dem Modena gegönnt.} 36...Qd3+ ( 
36...Qd3+ {Matt in 8} 37.Kh2 f6 38.Rb7+ Kh6 39.h4 g5 40.Rh8+ Kg6 41.g4 fxe5 
42.h5+ Kf6 43.Rh6+ Qg6 44.Rxg6# ) ( 36...Qxe5+ {Matt in 8} 37.Rxe5 Kh6 38.Kf4 
Kg7 39.g4 b4 40.g5 a5 41.Rxa5 Kh7 42.Ra7 Kg7 43.b3 Kh7 44.Rxf7# ) ( 36...Qxf2+ 
{Matt in 5} 37.Kxf2 Kh6 38.Bf6 g5 39.Rg8 b4 40.Rxg5 a5 41.Rh8# ) ( 36...Kh6 
{Matt in 5} 37.Bxd4 f6 38.Re7 Kg5 39.h4+ Kf5 40.Rb6 b4 41.Rxf6# ) ( 36...g5 
{Matt in 5} 37.Bxd4 b4 38.Rb6 f6 39.Re7+ Kg6 40.Rxf6+ Kh5 41.Rh7# ) 37.Kh4 {Nun
dauert's noch etwas länger.} 37...g5+ 38.Kxg5 Qd2+ 39.Kg4 Qe2+ 40.Kg3 Qd3+ 
41.Kh4 Qd2 42.f4 Qd7 43.g4 f6 44.Bd6 ( 44.Bxf6 {Matt in 8} 44...Kg6 45.Rf8 Qe6 
46.f5+ Qxf5 47.gxf5+ Kxf5 48.Rbe8 Kg6 49.Be5 Kh7 50.Re7+ Kg6 51.Rf6# ) 44...Kg7 
45.Rbd8 Qb7 46.Re7+ Qxe7 47.Bxe7 Kf7 48.Bb4 a5 49.Bxa5 ( 49.Bc5 {Matt in 6} 
49...f5 50.g5 b4 51.Bf8 a4 52.Kh5 Ke6 53.g6 b3 54.Rd6# ) 49...Ke7 50.g5 fxg5+ 
51.Kxg5 Kf7 52.h4 b4 53.h5 Ke7 54.h6 b3 55.h7 Ke6 56.h8=Q Kf7 57.Qf6# 1-0

[Event "Treppenturnier 2023"]
[Site "Turnierstufe"]
[Date "2024.02.06"]
[Round "18-3"]
[White "Advanced Travel Chess"]
[Black "Modena"]
[Result "0-1"]
[WhiteElo "1958"]
[BlackElo "1961"]
[PlyCount "121"]

1.d4 Nf6 2.Nf3 e6 3.c4 b6 4.a3 d5 {Buchende.} 5.Nc3 {Buchende.} 5...Be7 6.cxd5 
exd5 7.Bg5 O-O 8.e3 Bf5 9.Bd3 Bxd3 10.Qxd3 c6 11.Rc1 Nbd7 12.O-O Re8 13.Rfe1 a6 
14.Bh4 c5 15.Red1 c4 16.Qf5 g6 17.Qc2 b5 18.Bg5 Qb6 19.Re1 b4 {Modena ist
aktiver.} 20.axb4 Bxb4 21.Bf4 Re7 22.Nd2 Re6 23.b3 cxb3 24.Qxb3 Rc8 25.Na4 Rxc1 
26.Rxc1 Qb5 27.Rc8+ Re8 28.Nc3 Qa5 $10 {Alles im Lot.} 29.Rc6 Re6 30.Rc7 Nb6 
31.Qb2 Bxc3 32.Rxc3 Qa4 33.Qc1 a5 34.Rc7 Ne8 35.Rb7 Qc6 36.Qxc6 Rxc6 37.Rb8 Kf8 
38.Bh6+ Ke7 39.Bg5+ $2 {Atmungsfreiheit für den König ist angesagt.} 39...f6 
40.Bf4 Nd6 $6 ( 40...g5 $1 {Der beste Zug, aber für Modena nicht zu errechnen.
Schwarz kann die Schwäche der weißen Grundlinie nutzen, z.B.} 41.Rb7+ Ke6 
42.Rb8 Kf7 43.Bxg5 ( 43.Bg3 Rc1+ 44.Nf1 Nc4 45.h4 Nd2 {...} ) 43...fxg5 44.g4 
{Das dringend notwendige Luftloch, usw.} ) 41.g4 a4 $1 {Jetzt wird er zum
Riesen.} 42.Rh8 $2 {Geht auf Bauernjagd und verkennt die Realität.} 42...Rc2 
43.Rxh7+ Nf7 44.Nf3 a3 {(+2.40)} 45.Bd6+ Kxd6 46.Rxf7 Nd7 47.Ne5 fxe5 48.dxe5+ 
Nxe5 49.Ra7 a2 50.Kg2 Nxg4 51.Kg3 Nxf2 52.Ra6+ Ke5 53.Kh4 Nd1 54.e4 Kf4 ( {Noch
schneller geht:} 54...a1=Q $1 55.Rxa1 Kf4 56.Ra3 Rxh2+ 57.Rh3 Rg2 58.Rb3 Nf2 
59.Rf3+ Kxf3 60.exd5 Rg4# ) 55.Rf6+ Kxe4 56.Ra6 Nc3 57.h3 Rc1 {(+9.99)} 58.Ra7 
{(-8.4)} 58...d4 59.Re7+ Kf3 60.Rf7+ Kg2 61.Ra7 {(-9.9) Das kann man getrost
beenden.} 0-1

[Event "Treppenturnier 2023"]
[Site "Turnierstufe"]
[Date "2024.02.07"]
[Round "18-4"]
[White "Modena"]
[Black "Advanced Travel Chess"]
[Result "1-0"]
[WhiteElo "1971"]
[BlackElo "1948"]
[PlyCount "90"]

1.c4 e5 2.Nc3 Nf6 3.Nf3 Nc6 4.e3 Bb4 5.Qc2 O-O {Buchende.} 6.d3 {Buchende.} 
6...d6 7.Bd2 Re8 8.a3 Ba5 9.g3 Bg4 10.Bg2 Qe7 11.O-O a6 12.Nd5 Nxd5 $2 
{Verliert einen Bauern...} ( {Besser:} 12...Qd8 ) 13.cxd5 e4 14.dxe4 Bxf3 
15.Bxf3 Ne5 16.Bxa5 Nxf3+ 17.Kg2 b6 18.Kxf3 bxa5 $16 {Das sieht gut aus für
Modena.} 19.Rfd1 Ra7 20.Rd4 Rb7 21.Rb1 Qd7 22.Kg2 Re7 23.b3 Rb6 24.Rc4 Rb7 
25.Rc1 {Modena weiß, was zu tun ist.} 25...Qb5 26.b4 Ra7 27.a4 Qe8 28.bxa5 Rb7 
29.Qd3 Qb8 30.Rc6 Ra7 31.Rxa6 Rb7 32.Rb1 $1 {Na klar! Und Schwarz ist am Ende.} 
32...Rxb1 33.Qxb1 Qe8 {(+2.8)?} 34.Qb5 {(+4.80)} 34...Rxe4 35.Rc6 Qc8 36.a6 Qa8 
37.Rxc7 Re8 38.Qb7 Rb8 39.Qc6 Re8 40.Qxd6 Rd8 41.Qc6 Kf8 {(+4.7)} 42.Rd7 
{(+8.72)} ( {Hiarcs 15.2: #15} 42.a7 h5 43.Qb7 Kg8 44.Qxa8 Rxa8 45.d6 Kf8 46.d7 
Ke7 47.Rc8 Kxd7 48.Rxa8 h4 49.gxh4 f5 50.Rb8 f4 51.a8=Q f3+ 52.Kxf3 Kc7 53.Rc8+ 
Kd7 54.Qc6+ Ke7 55.Re8+ Kf7 56.Qe6# ) 42...Re8 43.Qb7 Kg8 44.a7 g5 45.Rxf7 
{(+9.99)} 45...Qxb7 {(+9.9), also endlich Aufgabe.} 1-0

[Event "Treppenturnier 2023"]
[Site "Turnierstufe"]
[Date "2024.02.08"]
[Round "19-1"]
[White "Modena"]
[Black "GK 2000"]
[Result "0-1"]
[WhiteElo "1980"]
[BlackElo "1952"]
[PlyCount "127"]

1.d4 c5 2.Nf3 cxd4 3.Nxd4 d5 4.g3 {Buchende.} 4...Nf6 {Buchende.} 5.Bf4 $6 ( 
{Natürlich} 5.Bg2 ) 5...Nbd7 6.Nf3 Qb6 7.b3 $6 {Modena ist schon schwer in der
Defensive.} 7...Ng4 8.e3 e5 9.Bg5 f6 $6 ( 9...h6 10.Bh4 g5 {...} ) 10.h3 e4 
11.hxg4 exf3 12.Bf4 {GK 2000 hat den Gegner überrumpelt. Solche unharmonischen
Stellungen behagen Modena gar nicht.} 12...g5 13.Qxd5 gxf4 14.Qh5+ Kd8 15.gxf4 
{Schwarz hat einen Läufer für nur zwei Bauern. Vielleicht kann Modena ja doch
noch sein gutes Stellungsspiel aufziehen, weil der schwarze König nicht in
Sicherheit ist.} 15...Qc7 16.Bc4 Nb6 17.Bd3 Bb4+ 18.Nd2 Qg7 19.f5 Rg8 $6 ( 
19...Bd7 20.a3 Bc3 21.O-O-O $17 {... oder} ) ( 19...Qe7 20.Rd1 Bd7 $17 {... und
Schwarz hat großen Vorteil.} ) 20.O-O-O $1 Qxg4 $6 21.Qxh7 $10 {Weiß spielt
wieder mit.} 21...Ba3+ $2 ( {Besser ist z.B.} 21...Qg7 22.Qh4 Qe7 23.Nc4 Nd7 
{...} ) 22.Kb1 Nd5 {(-0.7?)} 23.Ne4 $1 $18 {(+1.64) Jetzt ist Modena am Drücker.
So schnell kann's gehen.} 23...Rg7 24.Qh6 Bd7 25.Bc4 {der Zweitbeste.} ( 
{Stärker, aber kaum zu errechnen:} 25.c4 $1 Rg8 26.cxd5 Qxf5 27.Nd6 Bxd6 
28.Bxf5 Bxf5+ 29.Kb2 Be5+ 30.Ka3 {...} ) 25...Qxe4 26.Bxd5 {Da war mehr drin für
Modena:} ( 26.Rxd5 $1 Bf8 27.Rhd1 Kc7 28.Qh2+ {...} ) 26...Qe5 27.Rd4 Bf8 
28.Rhd1 $6 {zu mechanisch gespielt.} ( {Einfach} 28.Bxb7 Rb8 29.Qh8 Kc7 30.Bxf3 
$10 {...} ) 28...Kc7 29.Bxb7 Rd8 30.Bxf3 {Jetzt ist GK 2000 wieder im Vorteil.} 
30...Rg1 31.Qh7 Rxd1+ 32.Rxd1 Qxf5 ( 32...Ba3 {ist wohl stärker.} ) 33.Qh2+ Kc8 
34.Bg2 Be7 35.Qh4 Be6 36.Rxd8+ Bxd8 37.Qa4 Bb6 38.Be4 Qg4 39.Kb2 Kd8 40.Qc6 Ke7 
41.Bd3 Qh4 42.Qg2 Kd6 43.Kb1 Qh5 44.Qe4 Bc5 45.Bb5 Bd5 46.Qf4+ Qe5 47.Qxe5+ $2 
{Nicht tauschen.} ( 47.Qa4 ) 47...fxe5 {Nun muss GK 2000 zeigen, ob er dieses
Endspiel kann - ich fürchte, nicht.} 48.c3 Ke6 49.Kb2 Bb7 50.b4 Be7 51.Bc4+ $6 
{Schickt den gegenerischen König in die richtige Richtung.} ( 51.f4 $1 exf4 
52.exf4 {...} ) 51...Kf5 52.Bd3+ Kg4 53.Be2+ Bf3 54.Bb5 Kh3 55.c4 Bxb4 56.Kc2 
Bc5 57.a3 Kg2 58.Kc3 Bxa3 59.Kd3 Kxf2 60.e4 a5 61.Bc6 Be2+ 62.Kc3 Bb4+ 63.Kb3 
Ke3 64.Bd5 {und Modena gibt auf (rESG).} 0-1

[Event "Treppenturnier 2023"]
[Site "Turnierstufe"]
[Date "2024.02.11"]
[Round "19-2"]
[White "GK 2000"]
[Black "Modena"]
[Result "0-1"]
[WhiteElo "1963"]
[BlackElo "1969"]
[PlyCount "115"]

1.d4 c6 2.e4 d5 3.Nc3 {Buchende.} 3...g6 {Buchende.} 4.exd5 cxd5 5.Bf4 Nf6 
6.Nf3 Bg7 7.Nb5 Na6 8.Bd3 O-O 9.c3 Bf5 10.Bxf5 gxf5 11.O-O Nh5 12.Bg5 Nf6 
13.Qe2 Ne4 14.Bf4 Qb6 15.Rae1 Rfe8 $14 16.b3 $6 {Erlaubt Gegenspiel auf der
c-Linie.} ( 16.Nh4 {oder auch 16. a4 sind angesagt.} ) 16...Rac8 17.c4 Nb4 
18.a3 Nc2 $6 {Nun ist Kombinatorik gefragt.} ( {Klarer ist wohl} 18...dxc4 
19.bxc4 ( 19.axb4 Qxb5 20.Ne5 Bxe5 21.bxc4 Qxc4 22.dxe5 Qxe2 23.Rxe2 {...} ) 
19...Nc6 20.Be3 Qd8 21.d5 Na5 22.Rc1 a6 {...} ) 19.Bc7 Qxb5 20.cxb5 Nxe1 
21.Rxe1 Rxc7 22.b6 axb6 {Schwarz hat sich glimpflich aus der Affäre gezogen und
kann weiter mitspielen.} 23.Qb5 Nd6 {Fühlt sich wohl: (-0.14)} 24.Qxb6 {(+1.0)} 
24...Rec8 25.Ne5 Ne4 26.f3 Nf6 27.Kf2 e6 28.Re2 Bf8 {(+0.66) Optimist.} 29.Ra2 
{(+1.0)} 29...Ne8 30.h3 Nf6 31.g3 Ne8 32.Ke2 Ra8 33.b4 $2 {Übersieht eine kleine
Kombination, weil er um seinen a-Bauern fürchtet - erstaunlich.} 33...Ra6 
34.Qb5 Nd6 35.Qd3 f6 $1 {Und der Gaul hat keinen Stall mehr.} 36.g4 fxe5 
37.dxe5 Nc4 38.gxf5 Nxe5 39.Qb3 Nc4 40.fxe6 Rxe6+ 41.Kf2 Rg7 42.f4 Be7 $1 
{Schön. Er will nach h4 und für Weiß gehen die Lichter endgültig aus.} 43.Kf1 
Bh4 {(+4.73)} 44.Qb1 {(-5.5)} 44...Reg6 {(+7.58)} 45.Ke2 {(-5.6)} 45...Rg1 
46.Qxg1 {GK 2000 hat keine Aufgabe-Funktion. Hiarcs 15.2:} ( 46.Qb3 {# in 14} 
46...Re1+ 47.Kd3 Re3+ 48.Kd4 Rxb3 49.Kxd5 Nxa3 50.Kd4 Rxb4+ 51.Kd5 Rd7+ 52.Ke6 
Re7+ 53.Kf5 Bg3 54.Kg4 Re3 55.Rf2 Bxf2 56.h4 Bg3 57.Kh3 h5 58.f5 Rb2 59.f6 Rh2# 
) ( 46.Qa1 {# in 13} 46...Rxa1 47.Rxa1 Rg2+ 48.Kf3 Rg3+ 49.Ke2 Re3+ 50.Kd1 Re1+ 
51.Kc2 Rxa1 52.Kc3 Bf6+ 53.Kb3 Rxa3+ 54.Kc2 d4 55.Kd1 Ra2 56.f5 d3 57.Ke1 Ne3 
58.b5 Re2# ) ( 46.Rb2 {# in 12} 46...R7g2+ 47.Kd3 Nxb2+ 48.Qxb2 Rd1+ 49.Kc3 
Bf6+ 50.Kb3 Rxb2+ 51.Ka4 Ra1 52.f5 Bd4 53.Kb5 Rxa3 54.f6 Rf2 55.f7+ Kxf7 56.h4 
Rf6 57.h5 Rb6# ) ( 46.Qc2 {# in 12} 46...R7g3 47.Qd3 R1g2+ 48.Kf1 Rxa2 49.Qxd5+ 
Kf8 50.Qf5+ Kg7 51.Qd7+ Kh6 52.Qe6+ Rg6 53.Qg4 Rxg4 54.hxg4 Ne3+ 55.Kg1 Bg3 
56.g5+ Kh5 57.b5 Ra1# ) 46...Rxg1 47.Kd3 Bf6 48.Rf2 Nxa3 49.Ke3 Rg3+ 50.Rf3 
Nc2+ 51.Kf2 Rxf3+ 52.Kxf3 Nxb4 53.Kg4 b5 54.Kf3 Nc6 55.Ke2 b4 56.Kd1 {(-8.9)} 
56...b3 {(+9.99)} 57.Kc1 Na5 58.Kd1 {Endlich (-9.9). Das nimmt der Bediener als
Signal zur Aufgabe.} 0-1

[Event "Treppenturnier 2023"]
[Site "Turnierstufe"]
[Date "2024.02.14"]
[Round "19-3"]
[White "Modena"]
[Black "GK 2000"]
[Result "1/2-1/2"]
[WhiteElo "1979"]
[BlackElo "1953"]
[PlyCount "29"]

1.c4 Nf6 2.d4 c5 3.Nf3 cxd4 {Buchende.} 4.Nxd4 {Buchende.} 4...e5 5.Nf3 Nc6 
6.Nc3 Bb4 7.Bd2 O-O 8.a3 Bxc3 9.Bxc3 Ne4 10.Qb3 Qe7 11.g3 Nc5 12.Qd1 Ne4 13.Qb3 
Nc5 14.Qd1 Ne4 15.Qb3 {und beide reklamieren Remis 3x.} 1/2-1/2

[Event "Treppenturnier 2023"]
[Site "Turnierstufe"]
[Date "2024.02.14"]
[Round "19-4"]
[White "GK 2000"]
[Black "Modena"]
[Result "0-1"]
[WhiteElo "1954"]
[BlackElo "1978"]
[PlyCount "109"]

1.e4 e5 2.f4 d5 3.exd5 e4 4.d3 Nf6 {Buchende.} 5.Nc3 Bb4 6.Bd2 {Beide weichen im
Folgenden vom richtigen Weg ab:} 6...Bg4 $6 ( 6...O-O ) ( 6...e3 ) 7.Be2 exd3 
$2 {Verliert einfach eine Figur.} ( 7...Bxc3 8.Bxc3 Bf5 9.dxe4 Bxe4 10.Bb5+ c6 
11.dxc6 Nxc6 12.Qxd8+ Rxd8 13.Bxf6 gxf6 {... ist für Schwarz noch spielbar.} ) 
8.Bxg4 Qe7+ 9.Kf1 O-O {Es sieht übel aus für Modena.} 10.cxd3 Re8 11.Bf3 Nbd7 
12.Qb3 a5 13.Re1 Qd6 14.Nge2 Nc5 15.Qc2 Qa6 16.Nc1 Ncd7 17.Re2 Qb6 18.a3 Be7 
19.Be3 Qa6 20.Bd4 Bd6 21.g3 Rxe2 22.N1xe2 Be7 23.Nd1 Bd6 24.Bg2 Ng4 25.Qc3 Ngf6 
26.Ne3 Re8 27.Nf5 {(+4.1)} 27...b6 {(-3.73) Weiterspielen, auch GK 2000 greift
manchmal daneben.} 28.Rg1 Bc5 29.Bxc5 Nxc5 30.d6 cxd6 31.Nxd6 $6 Rd8 32.Ne4 Ng4 
33.d4 $4 {Und GK 2000 greift daneben.} ( 33.Nxc5 bxc5 34.h3 Rxd3 35.Qc1 Qd6 
36.hxg4 Rd1+ 37.Kf2 Rxc1 38.Rxc1 {... und alles ist ok für Weiß.} ) 33...Nd3 
{Droht Matt.} 34.Rh1 Rc8 $1 {Der einzig richtige Zug.} 35.Nc5 bxc5 36.Be4 c4 
{(+0.62)} 37.Bg2 $2 {(+1.0) Beide erkennen noch nicht, dass Schwarz auf der
Siegerstraße ist.} 37...Ne3+ 38.Kg1 Nxg2 39.h3 Qb7 40.Rh2 Nge1 41.Rf2 Nxf2 
42.Qxe1 Nd3 43.Qf1 Qxb2 44.Qd1 Qxa3 {(+8.08)} ( 44...Re8 {Matt in 10} 45.Kf1 
Re3 46.h4 Rf3+ 47.Kg2 Rf2+ 48.Kh3 Rxe2 49.Qxd3 cxd3 50.Kg4 Re1 51.Kg5 Qe2 52.a4 
h5 53.Kf5 Qg4# ) 45.Kf1 {(-5.4)} 45...a4 46.Qd2 Qb3 47.Nc3 a3 48.d5 Ra8 49.Na2 
Nb2 50.Nc3 a2 51.Nxa2 Qf3+ 52.Kg1 Qxg3+ 53.Qg2 Qxg2+ 54.Kxg2 Rxa2 55.d6 {(-9.9)
= Aufgabe.} 0-1